01553 a2200217 4500020001500000020001800015082001300033090001500046100002200061245005900083250001400142260004000156300002100196500001500217520074700232856008200979856008701061942002601148999001901174952014201193 a0060927828 a978006092782004a616.8527 c1628d16281 aPapolos, Demitri.10aOvercoming depression, 3rd edition /cDemitri Papolos. a3 Sub ed. a[S.l.] :bHarper Paperbacks,c1997. a432 p. ;c21 cm. aPaperback. aMore than 20 million Americans will suffer an episode of depression or mania during their lifetimes, and one in five American families will feel its impact directly. For these families, Overcoming Depression is the essential resource. Since its first publication in 1987, it has become the book most often recommended by doctors to their depressed patients because it clearly and sympathetically presents state-of-the-art medical information and the solid, practical advice that patients and their families need to participate actively in diagnosis and treatment. Now featuring all-new data on the latest drugs, research, treatment, and medical insurance, it also includes a frank discussion of psychiatric therapy in the era of managed care.403Amazon.comuhttp://www.amazon.com/exec/obidos/ASIN/0060927828/chopaconline-20403Amazon customer reviewsuhttp://www.chopac.org/cgi-bin/tools/azrev.pl?q=0060927828 aNBScBKk616.8527 PAP c344144d344144 00104070aCLbCLd2013-08-28l3m5o616.8527 PAPpNBS743r2023-10-14s2022-08-04w2013-08-28yBKzNo. 0908/NBS/IRC Dated: 12 June, 2012